000 00589nam a2200229Ia 4500
003 OSt
005 20230410142240.0
008 210423s2016 xx 000 0 und d
020 _a978-1-138-84166-6
040 _cAL
041 _aeng
082 _a791.450232
_223
_bOWET
100 _aOWENS (Jim)
_985350
245 _aTelevision production Ed 16
250 _a16
260 _aNew York
_bFocal Press
_c2016
300 _axix,430
_bPB
365 _b3558
_cINR
650 _aMotion Pictures, Radio, Television
_985351
906 _a16 ; production ; Television
942 _2ddc
_cBK
999 _c169505
_d169505